Present- Day Russian psychology : (Record no. 176886)
[ view plain ]
| 000 -LEADER | |
|---|---|
| fixed length control field | 00917 a2200169 4500 |
| 003 - CONTROL NUMBER IDENTIFIER | |
| control field | NUST |
| 005 - DATE AND TIME OF LATEST TRANSACTION | |
| control field | 20221205162240.0 |
| 040 ## - CATALOGING SOURCE | |
| Transcribing agency | Nust |
| 082 ## - DEWEY DECIMAL CLASSIFICATION NUMBER | |
| Classification number | 150.947,PRE |
| 100 ## - MAIN ENTRY--PERSONAL NAME | |
| Personal name | O'connor,Neil |
| 9 (RLIN) | 37564 |
| 245 ## - TITLE STATEMENT | |
| Title | Present- Day Russian psychology : |
| Remainder of title | A symposium by seven author / |
| Statement of responsibility, etc. | Editor by Neil O' Connor |
| 260 ## - PUBLICATION, DISTRIBUTION, ETC. | |
| Place of publication, distribution, etc. | Islamabad |
| Name of publisher, distributor, etc. | National Book Foundation Isl |
| Date of publication, distribution, etc. | 1965 |
| 300 ## - PHYSICAL DESCRIPTION | |
| Extent | xv,198 p .: |
| 505 ## - FORMATTED CONTENTS NOTE | |
| Formatted contents note | Attention Consciousness and Voluntary Control of Behavior in Society Psychology : Philosophical Roots and Research Branches (Page-1), Psychotherapy in the Soviet union (Page-39), Some Statistical and Cybernetic Models in Recent Soviet Psychology (Page-63), Abnormal Psychology in the U.S.S.R. (Page-92), Soviet Psycholinguistics (Page-109), Studies on the Mental Development of the Child (Page-152), Contemporary soviet Psychology (Page-178). |
| 650 ## - SUBJECT ADDED ENTRY--TOPICAL TERM | |
| Topical term or geographic name entry element | Psycholoy |
| 9 (RLIN) | 104162 |
| 942 ## - ADDED ENTRY ELEMENTS (KOHA) | |
| Source of classification or shelving scheme | |
| Koha item type | Book |
| Call number prefix | 150.947,PRE |
| Withdrawn status | Lost status | Source of classification or shelving scheme | Damaged status | Not for loan | Permanent Location | Current Location | Shelving location | Date acquired | Full call number | Barcode | Date last seen | Price effective from | Koha item type | Public note |
|---|---|---|---|---|---|---|---|---|---|---|---|---|---|---|
| Military College of Signals (MCS) | Military College of Signals (MCS) | General Stacks | 12/12/2016 | 150.947,PRE | MCS34359 | 12/08/2016 | 12/12/2016 | Book | Almirah No.73, Shelf No.1 | |||||
| Military College of Signals (MCS) | Military College of Signals (MCS) | General Stacks | 12/12/2016 | 150.947,PRE | MCS34360 | 12/08/2016 | 12/12/2016 | Book | Almirah No.46, Shelf No.4 |
